000 00408nam a2200169 a 4500
001 0000-9386
003 ELIB.Books
008 110520 1985
035 _a(ELIB.Books)0000-9538
082 _a150
_bPor
100 _aPorter, Garrett
245 _aWhy Me?
260 _bWalpole: Stillpoint Publishing
_c1985
650 _aPsychology
942 _2ddc
_cBK
998 _cbat
_e2011-05-20
999 _c9386
_d9386